Voprosy chudožestvennogo perevoda Sbornik statej

Bibliographic Details
Format: Book
Language:Undetermined
PhysicalDescription:308 s.
Published: Moskva Sovetskij pisatel' 1955

MARC

LEADER 00000nam a2200000 a 4500
001 vtls001349560
003 SK-MaSNL
005 20260224064751.0
008 981125s1955 xx 0 und
035 |a SNK000302872 
040 |a SNK  |b slo  |c SNK  |e AACR2 
245 1 |a Voprosy chudožestvennogo perevoda  |b Sbornik statej 
260 |a Moskva  |b Sovetskij pisatel'  |c 1955 
300 |a 308 s. 
999 |c 892133  |d 894063 
952 |t P60, <04>, [BOOK], {604}  |a SNK  |b SNK  |y VYP  |7 0  |p 17A0170499  |o snkIC 60980  |0 0  |1 0  |4 0  |d 1998-11-25  |l 0  |r 2005-01-02 00:00:00  |w 2026-02-24